| 000 | 00809nam a2200181Ia 4500 | ||
|---|---|---|---|
| 008 | 100921s9999 xx 000 0 und d | ||
| 082 |
_b43917 _a808.068 न 10 |
||
| 100 | _aजोगळेकर मिलिंद. | ||
| 245 | _aपरफॉर्मर व्हा -निबंध, भाषणे, नाट्यछटा. | ||
| 260 |
_bनुतन प्रकाशन, पुणे. _c2010 |
||
| 300 |
_a32 _b--- |
||
| 365 | _b25 | ||
| 520 | _aललित-बालवाङ्रमय. | ||
| 630 | _aपरफॉर्मर व्हा -निबंध, भाषणे, नाट्यछटा. | ||
| 650 | _aललित-बालवाङ्रमय. | ||
| 730 | _aपरफॉर्मर व्हा -निबंध, भाषणे, नाट्यछटा. | ||
| 942 | _cBOOK | ||
| 999 |
_c793030 _d793027 |
||